| Tag |
First Indicator |
Second Indicator |
Subfields |
| LEADER |
00000cgm a2200000Ia 4500 |
| 001 |
in00002782363 |
| 005 |
20201128064813.0 |
| 007 |
vd csaizk |
| 008 |
130110s2012 xxu115 vlfre d |
| 024 |
1 |
|
|a 883476092430
|
| 028 |
4 |
2 |
|a ID9243
|b Vivendi Entertainment
|
| 035 |
|
|
|a (OCoLC)ocn824798835
|
| 035 |
|
|
|a (OCoLC)824798835
|
| 037 |
|
|
|b Midwest Tape
|n http://www.midwesttapes.com
|
| 040 |
|
|
|a TEFMT
|c TEFMT
|d TEF
|d CIA
|d OCLCO
|d TXA
|d UtOrBLW
|
| 041 |
1 |
|
|a fre
|j eng
|h fre
|
| 043 |
|
|
|a e-fr---
|
| 049 |
|
|
|a TXAM
|
| 050 |
|
4 |
|a PN1997.2
|b .H65 2012
|
| 082 |
0 |
4 |
|a 791.43/72
|2 23
|
| 245 |
0 |
0 |
|a Holy motors /
|c Martine Marignac, Maurice Tinchant et Albert Prévost présentent ; une co-production Franco-Allemande ; Pierre Grise Productions, France [and others] ; un film de Leos Carax.
|
| 264 |
|
1 |
|a [United States] :
|b Indomina ;
|c [2012]
|
| 264 |
|
2 |
|a [Universal City, Calif.] :
|b Vivendi Entertainment [distributor],
|
| 264 |
|
4 |
|c ©2012
|
| 300 |
|
|
|a 1 videodisc (115 min.) :
|b sound, color ;
|c 4 3/4 in.
|
| 336 |
|
|
|a two-dimensional moving image
|b tdi
|2 rdacontent
|
| 337 |
|
|
|a video
|b v
|2 rdamedia
|
| 338 |
|
|
|a videodisc
|b vd
|2 rdacarrier
|
| 538 |
|
|
|a Blu-ray disc; region A, widescreen presentation, aspect ratio: 1.78:1; 5.1 Dolby digital or Dolby stereo; requires Blu-ray player.
|
| 546 |
|
|
|a French dialogue; with optional English subtitles.
|
| 511 |
1 |
|
|a Denis Lavant, Edith Scob, Eva Mendes, Kylie Minogue, Elisa Lhomeau, Michel Piccoli, Jeanne Disson.
|
| 508 |
|
|
|a Director of photography, Caroline Champetier, Yves Cape ; editor, Nelly Quettier.
|
| 500 |
|
|
|a Originally released as a motion picture in 2012.
|
| 521 |
|
|
|a Not rated.
|
| 520 |
|
|
|a Monsieur Oscar, a mysterious, shadowy character, spends a day traveling through Paris in a limousine driven by his loyal chauffeur, Celine. During his travel, he journeys from one life to the next, taking on the appearances of a wide variety of characters, including a captain of industry, an assassin, a beggar, a monster, a reptilian sex god, a melancholy father, and a dying old man.
|
| 500 |
|
|
|a Special features: "Drive in," a making-of featurette; interview with Kylie Minogue; international trailer; U.S. trailer.
|
| 586 |
|
|
|a Cannes Film Festival, 2012: Award of the Youth (Leos Carax). Austin Film Critics Award, 2012: Best Foreign Language Film (Leos Carax). Chicago International Film Festival, 2012: Gold Hugo in Best International Feature (Leos Carax), Best Actor (Denis Lavant), Best Cinematography (Caroline Champetier, Yves Cape).
|
| 500 |
|
|
|a Videorecording.
|
| 650 |
|
0 |
|a Automobile travel
|z France
|z Paris
|v Drama.
|
| 655 |
|
7 |
|a Feature films.
|2 lcgft
|
| 655 |
|
7 |
|a Fiction films.
|2 lcgft
|
| 655 |
|
7 |
|a Fantasy films.
|2 lcgft
|
| 655 |
|
7 |
|a Foreign films.
|2 local
|
| 655 |
|
7 |
|a Motion pictures, German.
|2 local
|
| 655 |
|
7 |
|a Motion pictures, French.
|2 local
|
| 700 |
1 |
|
|a Marignac, Martine,
|e producer.
|
| 700 |
1 |
|
|a Tinchant, Maurice,
|e producer.
|
| 700 |
1 |
|
|a Prévost, Alber,
|e producer.
|
| 700 |
1 |
|
|a Carax, Léos,
|e director.
|
| 700 |
1 |
|
|a Lavant, Denis,
|d 1961-
|e actor.
|
| 700 |
1 |
|
|a Scob, Édith
|e actor.
|
| 700 |
1 |
|
|a Mendes, Eva,
|d 1974-
|e actor.
|
| 700 |
1 |
|
|a Minogue, Kylie,
|e actor.
|
| 700 |
1 |
|
|a Lhomeau, Élise,
|e actor.
|
| 700 |
1 |
|
|a Piccoli, Michel,
|d 1925-2020
|e actor.
|
| 700 |
1 |
|
|a Disson, Jeanne,
|e actor.
|
| 700 |
1 |
|
|a Champetier, Caroline.
|
| 700 |
1 |
|
|a Cape, Yves.
|
| 700 |
1 |
|
|a Quettier, Nelly.
|
| 710 |
2 |
|
|a Pierre Grise Productions.
|
| 710 |
2 |
|
|a Indomina Media, Inc.
|
| 710 |
2 |
|
|a Vivendi Entertainment (Firm)
|
| 948 |
|
|
|a cataloged
|b h
|c 2013/2/28
|d c
|e tchubaryan
|f 12:09:05 pm
|
| 994 |
|
|
|a C0
|b TXA
|
| 999 |
|
|
|a MARS
|
| 999 |
f |
f |
|s bcb9068c-c0a5-30da-b78e-b6c907d26612
|i 866c0cdb-6787-3d93-9e8d-d33cedd12447
|t 0
|
| 952 |
f |
f |
|p bluray
|a Texas A&M University
|b College Station
|c Sterling C. Evans Library
|d Evans: Media and Reserves (Annex 1st floor)
|t 0
|e PN1997.2 .H65 2012
|h Library of Congress classification
|i video -- videodisc
|m A14841762462
|
| 998 |
f |
f |
|a PN1997.2 .H65 2012
|t 0
|l Evans: Media and Reserves (Annex 1st floor)
|